[Event "St Petersburg Botvinnik Memorial op"]
[Site "St Petersburg"]
[Date "2012.08.29"]
[Round "5"]
[White "Krivenko, Sergey"]
[Black "Zizlova, Sofia"]
[Result "1-0"]
[WhiteElo "2347"]
[BlackElo "2135"]
[PlyCount "71"]
[EventDate "2012.08.25"]
[EventType "swiss"]
[EventRounds "9"]
[EventCountry "RUS"]
[SourceTitle "CBM 150 Extra"]
[Source "ChessBase"]
[SourceDate "2012.10.19"]
[SourceVersion "1"]
[SourceVersionDate "2012.10.19"]
[SourceQuality "1"]

1. d4 Nf6 2. c4 c5 3. d5 e6 4. Nc3 exd5 5. cxd5 d6 6. g3 g6 7. Bg2 Bg7 8. Nf3 0-0 9. 0-0 Re8 10. Nd2 Nbd7 11. h3 a6 12. a4 Rb8 13. Nc4 Ne5 14. Na3 Nh5 15. e4 b5 16. axb5 axb5 17. Naxb5 Qb6 18. Re1 Bd7 19. Bf1 f5 20. f4 Nxg3 21. fxe5 Nxf1 22. Nxd6 Ng3 23. Nxe8 Bxe5 24. d6 Rxe8 25. Qd5+ Kg7 26. Na4 Qb4 27. Kg2 Nxe4 28. Rxe4 fxe4 29. Qxc5 Bxd6 30. Qc3+ Qxc3 31. Nxc3 e3 32. Kf3 Bc5 33. Ra5 Rf8+ 34. Ke2 Rf2+ 35. Ke1 Rf5 36. Ke2 1-0

[Event "Moscow-ch (Women)"]
[Site "Moscow"]
[Date "2012.03.21"]
[Round "5"]
[White "Frolova, Ekaterina"]
[Black "Zizlova, Sofia"]
[Result "1-0"]
[WhiteElo "2000"]
[BlackElo "2149"]
[PlyCount "89"]
[EventDate "2012.03.17"]
[EventType "swiss"]
[EventRounds "9"]
[EventCountry "RUS"]
[SourceTitle "CBM 147 Extra"]
[Source "ChessBase"]
[SourceDate "2012.04.24"]
[SourceVersion "1"]
[SourceVersionDate "2012.04.24"]
[SourceQuality "1"]

1. e4 c5 2. Nf3 d6 3. d4 cxd4 4. Nxd4 a6 5. Nc3 Nf6 6. Be3 e5 7. Nb3 Be6 8. Qd2 Be7 9. 0-0-0 Nbd7 10. f4 b5 11. f5 Bc4 12. g4 Nxg4 13. Rg1 Nxe3 14. Qxe3 Bxf1 15. Rdxf1 h6 16. Kb1 Bg5 17. Qg3 Nb6 18. h4 Bxh4 19. Qxg7 Bf6 20. Qg3 b4 21. Nd1 a5 22. Qd3 Qd7 23. Ne3 Qc6 24. Rd1 a4 25. Nd2 Rc8 26. Nf3 Nc4 27. Nd5 Bd8 28. Nxb4 Qb7 29. a3 Ba5 30. c3 Ke7 31. Nd2 Nxd2+ 32. Rxd2 Bxb4 33. axb4 Rc6 34. Rg7 Ra6 35. Qc4 Rf8 36. Qe6+ Kd8 37. Rxd6+ Rxd6 38. Qxd6+ Ke8 39. Qxe5+ Qe7 40. Qxe7+ Kxe7 41. Rh7 Rc8 42. e5 Rc4 43. e6 Rf4 44. Rxf7+ Kd8 45. b5 1-0

[Event "Moscow-ch (Women)"]
[Site "Moscow"]
[Date "2012.03.18"]
[Round "2"]
[White "Khropova, Larisa"]
[Black "Zizlova, Sofia"]
[Result "0-1"]
[WhiteElo "2033"]
[BlackElo "2149"]
[PlyCount "84"]
[EventDate "2012.03.17"]
[EventType "swiss"]
[EventRounds "9"]
[EventCountry "RUS"]
[SourceTitle "CBM 147 Extra"]
[Source "ChessBase"]
[SourceDate "2012.04.24"]
[SourceVersion "1"]
[SourceVersionDate "2012.04.24"]
[SourceQuality "1"]

1. d4 Nf6 2. Nf3 e6 3. Bf4 c5 4. e3 Nc6 5. c3 Be7 6. Nbd2 Nh5 7. Bg3 b6 8. Bd3 Bb7 9. Qe2 Rc8 10. Rd1 d6 11. 0-0 0-0 12. Bb1 Nxg3 13. fxg3 Qc7 14. Ne4 d5 15. Neg5 g6 16. Nh3 Bf6 17. g4 Bg7 18. g5 e5 19. Nf2 e4 20. Nd2 Qe7 21. Nh3 Rcd8 22. Qg4 Ba6 23. Rfe1 Bc8 24. Qg3 f6 25. c4 Bxh3 26. Qxh3 f5 27. cxd5 Rxd5 28. Bc2 Kh8 29. Bb3 Rdd8 30. dxc5 bxc5 31. Nc4 Nb4 32. Qg3 Nd3 33. Re2 f4 34. exf4 Nxf4 35. Ree1 Rxd1 36. Bxd1 Bd4+ 37. Kh1 Nd3 38. h4 Nxe1 39. Qxe1 Qf7 40. Bb3 Qf1+ 41. Qxf1 Rxf1+ 42. Kh2 e3 0-1

[Event "Moscow-ch sf"]
[Site "Moscow"]
[Date "2012.03.04"]
[Round "7"]
[White "Zizlova, Sofia"]
[Black "Denisov, Vladislav"]
[Result "1-0"]
[WhiteElo "2161"]
[BlackElo "2009"]
[PlyCount "105"]
[EventDate "2012.02.26"]
[EventType "swiss"]
[EventRounds "9"]
[EventCountry "RUS"]
[SourceTitle "CBM 147 Extra"]
[Source "ChessBase"]
[SourceDate "2012.04.24"]
[SourceVersion "1"]
[SourceVersionDate "2012.04.24"]
[SourceQuality "1"]

1. e4 c6 2. d4 d5 3. exd5 cxd5 4. c4 Nf6 5. Nc3 Nc6 6. Bg5 Be6 7. c5 Ne4 8. Bf4 Qa5 9. Nge2 Bf5 10. a3 a6 11. b4 Qd8 12. Nxe4 dxe4 13. d5 Nb8 14. Ng3 g6 15. Nxf5 gxf5 16. Rc1 Bg7 17. Qa4+ Nd7 18. c6 Nb6 19. Qa5 bxc6 20. dxc6 Nd5 21. c7 Qd7 22. Bb5 Qxb5 23. c8Q+ Rxc8 24. Rxc8+ Kd7 25. Qxb5+ axb5 26. Rxh8 Bxh8 27. Bc1 Nb6 28. Ke2 Nd5 29. Rd1 Ke6 30. Bd2 Bb2 31. Rb1 Bd4 32. Rb3 f4 33. Rh3 e3 34. Be1 Bb2 35. Rxh7 exf2 36. Kxf2 Bxa3 37. Rh6+ Ke5 38. Rh5+ Ke4 39. Ke2 e5 40. Rh7 Bxb4 41. Bxb4 Nxb4 42. Rxf7 Nc2 43. h4 Ne3 44. h5 Nf5 45. Kd2 b4 46. Rf6 b3 47. Kc3 Ne3 48. Kxb3 Nxg2 49. h6 Ke3 50. h7 e4 51. h8Q f3 52. Qh6+ Ke2 53. Qg6 1-0

[Event "Moscow-ch sf"]
[Site "Moscow"]
[Date "2012.03.01"]
[Round "5"]
[White "Zizlova, Sofia"]
[Black "Yudin, Ivan"]
[Result "1/2-1/2"]
[WhiteElo "2161"]
[BlackElo "2298"]
[PlyCount "107"]
[EventDate "2012.02.26"]
[EventType "swiss"]
[EventRounds "9"]
[EventCountry "RUS"]
[SourceTitle "CBM 147 Extra"]
[Source "ChessBase"]
[SourceDate "2012.04.24"]
[SourceVersion "1"]
[SourceVersionDate "2012.04.24"]
[SourceQuality "1"]

1. e4 c5 2. Nf3 Nc6 3. Bb5 d6 4. Bxc6+ bxc6 5. 0-0 Bg4 6. h3 Bh5 7. c3 Nf6 8. Re1 Nd7 9. d4 e6 10. Be3 Qb6 11. b3 cxd4 12. cxd4 Qb7 13. Nbd2 Be7 14. Rc1 0-0 15. Nc4 Qa6 16. Bd2 c5 17. Bc3 Rab8 18. Rc2 Rbe8 19. dxc5 Nxc5 20. Qd4 e5 21. Qd1 Qc6 22. Bb4 Rd8 23. Ne3 Qb7 24. Ba5 Rc8 25. Nf5 Ne6 26. Rxc8 Rxc8 27. Qd5 Rb8 28. Rc1 Bf8 29. Qxb7 Rxb7 30. g4 Bg6 31. Rc8 Rd7 32. Nd2 Nc5 33. f3 f6 34. Nc4 Bxf5 35. gxf5 Kf7 36. Bb4 Nd3 37. Ba3 Be7 38. Na5 Bd8 39. Nc4 Be7 40. Na5 Nf4 41. h4 Ne2+ 42. Kf2 Nd4 43. h5 d5 44. Bxe7 Kxe7 45. b4 Nb5 46. a4 Nd6 47. Nc6+ Kf7 48. Ra8 dxe4 49. Nd8+ Ke7 50. Nc6+ Kf7 51. Nd8+ Ke7 52. Nc6+ Kf7 53. Nd8+ Ke7 54. Nc6+ 1/2-1/2

[Event "Moscow-ch sf"]
[Site "Moscow"]
[Date "2012.02.27"]
[Round "2"]
[White "Zizlova, Sofia"]
[Black "Aldokhin, Ivan"]
[Result "0-1"]
[WhiteElo "2161"]
[BlackElo "2375"]
[PlyCount "80"]
[EventDate "2012.02.26"]
[EventType "swiss"]
[EventRounds "9"]
[EventCountry "RUS"]
[SourceTitle "CBM 147 Extra"]
[Source "ChessBase"]
[SourceDate "2012.04.24"]
[SourceVersion "1"]
[SourceVersionDate "2012.04.24"]
[SourceQuality "1"]

1. e4 c5 2. Nf3 e6 3. d4 cxd4 4. Nxd4 Nc6 5. Nc3 Qc7 6. Be3 a6 7. a3 Nf6 8. Be2 Be7 9. f4 d6 10. g4 Nxd4 11. Qxd4 e5 12. Qd2 exf4 13. Bxf4 Be6 14. g5 Nd7 15. Qd4 Ne5 16. 0-0-0 0-0 17. h4 b5 18. h5 Rab8 19. Nd5 Bxd5 20. exd5 Rbc8 21. Rd2 Rfe8 22. Bxe5 dxe5 23. Qg4 e4 24. g6 Bd6 25. gxh7+ Kh8 26. Rg1 f5 27. Qxf5 Bf4 28. c3 Rf8 29. Qxe4 Rce8 30. Qg2 Re5 31. Kc2 Bxd2 32. Kxd2 Qf7 33. Kc1 Rxd5 34. a4 bxa4 35. h6 g5 36. Bxa6 a3 37. bxa3 Qf4+ 38. Kb1 Rb8+ 39. Ka1 Rd2 40. Qxg5 Ra2+ 0-1

[Event "Moscow op (Women)"]
[Site "Moscow"]
[Date "2012.02.01"]
[Round "5"]
[White "Khazieva, Elza"]
[Black "Zizlova, Sofia"]
[Result "1-0"]
[WhiteElo "2035"]
[BlackElo "2161"]
[PlyCount "87"]
[EventDate "2012.01.28"]
[EventType "swiss"]
[EventRounds "9"]
[EventCountry "RUS"]
[SourceTitle "CBM 146 Extra"]
[Source "ChessBase"]
[SourceDate "2012.02.29"]
[SourceVersion "1"]
[SourceVersionDate "2012.02.29"]
[SourceQuality "1"]

1. e4 c5 2. Nf3 d6 3. d4 cxd4 4. Nxd4 Nf6 5. f3 e5 6. Nb3 Be7 7. Nc3 0-0 8. Be3 Be6 9. Qd2 Nc6 10. g4 d5 11. exd5 Nxd5 12. Nxd5 Bh4+ 13. Bf2 Bxd5 14. Bxh4 Qxh4+ 15. Qf2 Qf6 16. Bg2 Rac8 17. c3 Bc4 18. Nd2 Bd3 19. Bf1 Rfd8 20. Bxd3 Rxd3 21. 0-0-0 Qf4 22. Qe2 Rcd8 23. Kc2 Re3 24. Qf2 Rc8 25. Kb1 e4 26. Rhe1 Rxe1 27. Rxe1 exf3 28. Qe3 Qxe3 29. Rxe3 f2 30. Re2 f6 31. Rxf2 Ne5 32. h3 Rd8 33. Kc2 Rd3 34. Rh2 Re3 35. Nb3 Ng6 36. Rd2 Kf7 37. Na5 Ne5 38. Nxb7 Rxh3 39. Nd6+ Kg6 40. c4 Nxg4 41. c5 Kh5 42. b4 Ne5 43. b5 Ng4 44. c6 1-0

[Event "Moscow op (Women)"]
[Site "Moscow"]
[Date "2012.01.29"]
[Round "2"]
[White "Zizlova, Sofia"]
[Black "Skorobogatova, Olga"]
[Result "1-0"]
[WhiteElo "2161"]
[BlackElo "1716"]
[PlyCount "63"]
[EventDate "2012.01.28"]
[EventType "swiss"]
[EventRounds "9"]
[EventCountry "RUS"]
[SourceTitle "CBM 146 Extra"]
[Source "ChessBase"]
[SourceDate "2012.02.29"]
[SourceVersion "1"]
[SourceVersionDate "2012.02.29"]
[SourceQuality "1"]

1. e4 e5 2. Nf3 Nc6 3. Bb5 a6 4. Ba4 Nf6 5. 0-0 d6 6. Bxc6+ bxc6 7. d4 Be7 8. dxe5 Nxe4 9. exd6 cxd6 10. Nd4 Bd7 11. Re1 Nc5 12. Bg5 f6 13. Bf4 0-0 14. b4 Na4 15. c4 Nb6 16. Qb3 Kh8 17. Nd2 Re8 18. Qg3 c5 19. bxc5 dxc5 20. Bc7 Qc8 21. Bxb6 cxd4 22. Bxd4 Be6 23. Qc3 Rb8 24. c5 Qc6 25. Re3 Rbc8 26. Rae1 Bf8 27. Nb3 Bf7 28. h3 Red8 29. R3e2 Bxb3 30. axb3 Bxc5 31. Qxc5 Qxc5 32. Bxc5 1-0

[Event "Chigorin Memorial 19th"]
[Site "St Petersburg"]
[Date "2011.10.22"]
[Round "9"]
[White "Zizlova, Sofia"]
[Black "Bezulenko, Evgeny"]
[Result "1/2-1/2"]
[WhiteElo "2199"]
[BlackElo "1953"]
[PlyCount "83"]
[EventDate "2011.10.14"]
[EventType "swiss"]
[EventRounds "9"]
[EventCountry "RUS"]
[SourceTitle "CBM 144 Extra"]
[Source "ChessBase"]
[SourceDate "2011.10.28"]
[SourceVersion "1"]
[SourceVersionDate "2011.10.28"]
[SourceQuality "1"]

1. e4 g6 2. d4 Bg7 3. Nc3 d6 4. f4 Nf6 5. Nf3 c6 6. Bd3 0-0 7. 0-0 Qb6 8. e5 Nd5 9. Nxd5 cxd5 10. c3 Bg4 11. Kh1 e6 12. Qe1 Qd8 13. b3 Re8 14. Ba3 Bxf3 15. Rxf3 Bf8 16. Rh3 Nd7 17. Qg3 dxe5 18. Bxf8 exf4 19. Qxf4 Nxf8 20. Rd1 f5 21. c4 Rc8 22. cxd5 Qxd5 23. Bc4 Qd7 24. a4 a6 25. a5 Qc7 26. Qd2 Kh8 27. d5 Qg7 28. dxe6 Nxe6 29. Bxe6 Rxe6 30. Rd3 Rce8 31. Rd7 R6e7 32. Rd8 Qe5 33. h3 Rxd8 34. Qxd8+ Kg7 35. Rd7 Kf7 36. Rxe7+ Qxe7 37. Qd5+ Kg7 38. Qd4+ Qf6 39. Qd5 Qf7 40. Qd4+ Kh6 41. b4 g5 42. Kh2 1/2-1/2

[Event "Chigorin Memorial 19th"]
[Site "St Petersburg"]
[Date "2011.10.18"]
[Round "5"]
[White "Zizlova, Sofia"]
[Black "Sichinava, Zviad"]
[Result "1-0"]
[WhiteElo "2199"]
[BlackElo "2372"]
[PlyCount "81"]
[EventDate "2011.10.14"]
[EventType "swiss"]
[EventRounds "9"]
[EventCountry "RUS"]
[SourceTitle "CBM 144 Extra"]
[Source "ChessBase"]
[SourceDate "2011.10.28"]
[SourceVersion "1"]
[SourceVersionDate "2011.10.28"]
[SourceQuality "1"]

1. e4 e6 2. d4 d5 3. Nd2 Be7 4. Bd3 c5 5. dxc5 Nf6 6. Qe2 Nc6 7. Ngf3 0-0 8. 0-0 Nb4 9. Nb3 Bd7 10. e5 Ne8 11. Bd2 Nxd3 12. cxd3 Ba4 13. d4 b6 14. Rac1 Rb8 15. cxb6 Qxb6 16. Ba5 Qb5 17. Qxb5 Rxb5 18. Nfd2 f6 19. Rc8 fxe5 20. dxe5 d4 21. Re1 Bxb3 22. Nxb3 Rxa5 23. Nxa5 Bb4 24. Rd1 Bxa5 25. Rxd4 Bb6 26. Rd2 Nc7 27. Rdd8 Rxd8 28. Rxd8+ Kf7 29. Rd7+ Kf8 30. Kf1 Na6 31. Ke2 Nc5 32. Rd1 Ke7 33. b4 Ne4 34. Rc1 Nxf2 35. Rc4 h5 36. h3 Nh1 37. a4 Kd7 38. Kf3 a6 39. Rc1 Nf2 40. Rc2 Nh1 41. g3 1-0

[Event "Chigorin Memorial 19th"]
[Site "St Petersburg"]
[Date "2011.10.17"]
[Round "4"]
[White "Pankov, German"]
[Black "Zizlova, Sofia"]
[Result "1-0"]
[WhiteElo "2392"]
[BlackElo "2199"]
[PlyCount "75"]
[EventDate "2011.10.14"]
[EventType "swiss"]
[EventRounds "9"]
[EventCountry "RUS"]
[SourceTitle "CBM 144 Extra"]
[Source "ChessBase"]
[SourceDate "2011.10.28"]
[SourceVersion "1"]
[SourceVersionDate "2011.10.28"]
[SourceQuality "1"]

1. c4 c5 2. Nc3 Nc6 3. g3 g6 4. Bg2 Bg7 5. a3 a5 6. e3 e5 7. Nge2 Nge7 8. 0-0 0-0 9. Nd5 d6 10. Nec3 Nxd5 11. Bxd5 Be6 12. Rb1 Qd7 13. d3 f5 14. Bd2 Bxd5 15. Nxd5 Rab8 16. Qa4 Qf7 17. f4 exf4 18. gxf4 b5 19. Qc2 b4 20. a4 Rbe8 21. Rbe1 Kh8 22. Bc1 Re6 23. Re2 Rfe8 24. Rg2 Qd7 25. b3 Ne7 26. Qf2 Nxd5 27. cxd5 R6e7 28. Qf3 Bf6 29. h4 Rxe3 30. Bxe3 Rxe3 31. Qxe3 Bd4 32. Qxd4+ cxd4 33. h5 Qf7 34. Re1 Kg7 35. hxg6 hxg6 36. Re6 Kh7 37. Rge2 Kg8 38. Re7 1-0

[Event "RUS-ch (Women) 61st"]
[Site "Taganrog"]
[Date "2011.06.24"]
[Round "8"]
[White "Zizlova, Sofia"]
[Black "Balaian, Alina"]
[Result "1-0"]
[WhiteElo "2149"]
[BlackElo "2163"]
[PlyCount "61"]
[EventDate "2011.05.15"]
[EventType "swiss"]
[EventRounds "9"]
[EventCountry "RUS"]
[SourceTitle "EXT 2012"]
[Source "ChessBase"]
[SourceDate "2011.11.24"]
[SourceVersion "1"]
[SourceVersionDate "2011.11.24"]
[SourceQuality "1"]

1. e4 e6 2. d4 d5 3. Nd2 Be7 4. Ngf3 Nf6 5. Bd3 c5 6. exd5 Nxd5 7. Ne4 cxd4 8. Nxd4 Nf6 9. Be3 e5 10. Nxf6+ Bxf6 11. Nf5 0-0 12. Nd6 Nc6 13. Nxc8 Qxc8 14. c3 Rd8 15. Qc2 g6 16. h4 Qg4 17. h5 Rxd3 18. Qxd3 Rd8 19. Qf1 e4 20. g3 Qf5 21. hxg6 hxg6 22. Rd1 Re8 23. Qh3 Qb5 24. Rd7 Re7 25. Qh7+ Kf8 26. Bh6+ Ke8 27. Rd2 Bd4 28. Rxd4 Nxd4 29. Qh8+ Kd7 30. Qxd4+ Kc8 31. Be3 1-0

[Event "RUS-ch (Women) 61st"]
[Site "Taganrog"]
[Date "2011.06.23"]
[Round "7"]
[White "Zizlova, Sofia"]
[Black "Fominykh, Maria"]
[Result "1/2-1/2"]
[WhiteElo "2149"]
[BlackElo "2291"]
[PlyCount "80"]
[EventDate "2011.05.15"]
[EventType "swiss"]
[EventRounds "9"]
[EventCountry "RUS"]
[SourceTitle "EXT 2012"]
[Source "ChessBase"]
[SourceDate "2011.11.24"]
[SourceVersion "1"]
[SourceVersionDate "2011.11.24"]
[SourceQuality "1"]

1. e4 d6 2. d4 Nf6 3. Nc3 e5 4. Nf3 Nbd7 5. g4 Nxg4 6. Rg1 Ngf6 7. Bc4 exd4 8. Nxd4 Ne5 9. Bb3 Bg4 10. Ba4+ c6 11. f3 b5 12. fxg4 bxa4 13. g5 Nfd7 14. Nxa4 Qa5+ 15. Nc3 g6 16. Be3 Bg7 17. Qe2 Qb4 18. Nb3 Nc4 19. a3 Bxc3+ 20. Kf2 Qa4 21. bxc3 Nxe3 22. Qxe3 0-0 23. Qd4 Nb6 24. Rg4 Qc4 25. e5 Qe6 26. exd6 Rad8 27. Nc5 Qf5+ 28. Kg3 f6 29. gxf6 Rxf6 30. Qf4 Rdxd6 31. Ne4 Qxf4+ 32. Rxf4 Rxf4 33. Kxf4 Re6 34. Rb1 Kg7 35. c4 Re7 36. Rb4 Rd7 37. a4 Rd4 38. Ke5 Rxc4 39. Rxc4 Nxc4+ 40. Kd4 Nb6 1/2-1/2

[Event "RUS-ch (Women) 61st"]
[Site "Taganrog"]
[Date "2011.06.20"]
[Round "5"]
[White "Belenkaya, Dina"]
[Black "Zizlova, Sofia"]
[Result "1-0"]
[WhiteElo "2198"]
[BlackElo "2149"]
[PlyCount "121"]
[EventDate "2011.05.15"]
[EventType "swiss"]
[EventRounds "9"]
[EventCountry "RUS"]
[SourceTitle "EXT 2012"]
[Source "ChessBase"]
[SourceDate "2011.11.24"]
[SourceVersion "1"]
[SourceVersionDate "2011.11.24"]
[SourceQuality "1"]

1. e4 c5 2. Nf3 d6 3. d4 Nf6 4. dxc5 Nxe4 5. cxd6 Nc6 6. c3 Nxd6 7. Bf4 Bg4 8. Be2 Qb6 9. Qb3 Qxb3 10. axb3 0-0-0 11. Ne5 Nxe5 12. Bxe5 Bxe2 13. Kxe2 a6 14. Rd1 e6 15. Na3 f6 16. Bd4 Kc7 17. f3 Be7 18. Nc4 Nxc4 19. bxc4 Bd6 20. h3 Rhe8 21. Ra5 Bf4 22. Rc5+ Kb8 23. Rd3 Bc7 24. Rh5 h6 25. Rh4 e5 26. Be3 Rxd3 27. Kxd3 f5 28. Rh5 Rd8+ 29. Ke2 f4 30. Bc5 b6 31. Ba3 Re8 32. Rf5 Re6 33. Bf8 g6 34. Rf7 h5 35. Kd3 Kb7 36. Ke4 Kc6 37. Bg7 a5 38. b3 Bb8 39. Rf6 Kd6 40. Rf8 Bc7 41. Bf6 Kc6 42. Bh4 Rd6 43. Rf6 Kc5 44. Bf2+ Kc6 45. Rxd6+ Bxd6 46. g3 g5 47. g4 hxg4 48. hxg4 b5 49. cxb5+ Kxb5 50. Kf5 a4 51. bxa4+ Kxa4 52. Kxg5 Kb3 53. Kf5 Kxc3 54. g5 Kd3 55. g6 Bf8 56. Kxe5 Ke2 57. Bc5 Bh6 58. Ke4 Kf1 59. Bd4 Kg2 60. g7 Bxg7 61. Bxg7 1-0

[Event "RUS-ch (Women) 61st"]
[Site "Taganrog"]
[Date "2011.06.19"]
[Round "4"]
[White "Zizlova, Sofia"]
[Black "Severiukhina, Zoja"]
[Result "0-1"]
[WhiteElo "2149"]
[BlackElo "2291"]
[PlyCount "94"]
[EventDate "2011.05.15"]
[EventType "swiss"]
[EventRounds "9"]
[EventCountry "RUS"]
[SourceTitle "EXT 2012"]
[Source "ChessBase"]
[SourceDate "2011.11.24"]
[SourceVersion "1"]
[SourceVersionDate "2011.11.24"]
[SourceQuality "1"]

1. e4 c5 2. Nf3 d6 3. d4 cxd4 4. Nxd4 Nf6 5. Nc3 a6 6. Be3 e6 7. f3 b5 8. Qd2 Nbd7 9. 0-0-0 Bb7 10. g4 Nb6 11. Nb3 Rc8 12. Qf2 Nfd7 13. Kb1 Rxc3 14. bxc3 Na4 15. Bd2 Qc7 16. Bd3 Be7 17. g5 Ne5 18. f4 Nc4 19. Be1 d5 20. exd5 Bxd5 21. Rf1 Ba3 22. f5 Ncb2 23. Rc1 0-0 24. fxe6 Nxd3 25. cxd3 fxe6 26. Qg3 Qxg3 27. Rxf8+ Kxf8 28. hxg3 Bxc1 29. Nxc1 Kf7 30. Kc2 Kg6 31. Bd2 Kf5 32. a3 e5 33. Be3 Kg4 34. c4 bxc4 35. dxc4 Bxc4 36. Nb3 Kxg3 37. Nd2 Bd5 38. Nb3 Kf3 39. Bg1 Kf4 40. Bh2+ Kf5 41. Nc1 e4 42. Bg1 Kxg5 43. Bd4 g6 44. Kd2 h5 45. Ke3 Kg4 46. Ne2 g5 47. Kf2 h4 0-1

[Event "RUS-ch (Women) 61st"]
[Site "Taganrog"]
[Date "2011.06.15"]
[Round "1"]
[White "Ivakhinova, Inna"]
[Black "Zizlova, Sofia"]
[Result "0-1"]
[WhiteElo "2326"]
[BlackElo "2149"]
[PlyCount "78"]
[EventDate "2011.05.15"]
[EventType "swiss"]
[EventRounds "9"]
[EventCountry "RUS"]
[SourceTitle "EXT 2012"]
[Source "ChessBase"]
[SourceDate "2011.11.24"]
[SourceVersion "1"]
[SourceVersionDate "2011.11.24"]
[SourceQuality "1"]

1. d4 Nf6 2. c4 c5 3. d5 e6 4. Nc3 exd5 5. cxd5 d6 6. e4 g6 7. h3 Bg7 8. Nf3 0-0 9. Bg5 Qa5 10. Bd3 c4 11. Bc2 Re8 12. 0-0 b5 13. a3 Nbd7 14. Qd2 Qb6 15. Rfe1 Nc5 16. Bh6 a5 17. Bxg7 Kxg7 18. Qd4 Rb8 19. Rad1 Ba6 20. g4 h6 21. h4 Nd3 22. Bxd3 Qxd4 23. Nxd4 cxd3 24. Nc6 b4 25. Nxb8 Rxb8 26. axb4 axb4 27. Na2 Nxg4 28. f4 g5 29. hxg5 hxg5 30. fxg5 Kg6 31. Rd2 Ne5 32. Rf1 Bc4 33. Nc1 b3 34. Rf6+ Kxg5 35. Rf5+ Kh6 36. Rg2 Rg8 37. Rxg8 d2 38. Rg2 dxc1Q+ 39. Kh2 Qd1 0-1

[Event "Moscow Victory Day-C"]
[Site "Moscow"]
[Date "2011.05.23"]
[Round "12"]
[White "Zizlova, Sofia"]
[Black "Chizhikov, Vladislav"]
[Result "0-1"]
[WhiteElo "2149"]
[BlackElo "2276"]
[PlyCount "76"]
[EventDate "2011.05.10"]
[EventType "tourn"]
[EventRounds "13"]
[EventCountry "RUS"]
[EventCategory "2"]
[SourceTitle "EXT 2012"]
[Source "ChessBase"]
[SourceDate "2011.11.24"]
[SourceVersion "1"]
[SourceVersionDate "2011.11.24"]
[SourceQuality "1"]

1. e4 c5 2. Nf3 Nf6 3. e5 Nd5 4. Nc3 Nxc3 5. dxc3 Nc6 6. Bf4 b6 7. Bc4 e6 8. Qd2 Bb7 9. Rd1 h6 10. h4 Qc7 11. h5 Be7 12. Bg3 0-0-0 13. 0-0 Rdg8 14. Bd3 g6 15. hxg6 fxg6 16. Rfe1 g5 17. Qe3 h5 18. Nd2 h4 19. Bh2 Na5 20. Be4 g4 21. Bxb7+ Qxb7 22. b4 cxb4 23. cxb4 Bxb4 24. Ne4 h3 25. Rb1 Bc5 26. Qc3 Qc6 27. Qd3 Nb7 28. a4 Kb8 29. Rbd1 Rg7 30. Qb5 g3 31. Bxg3 Rxg3 32. Rxd7 Rxg2+ 33. Kh1 Qxb5 34. axb5 Rg4 35. f3 Rg2 36. c4 Rc2 37. Nd6 Nxd6 38. exd6 h2 0-1

[Event "Moscow Victory Day-C"]
[Site "Moscow"]
[Date "2011.05.18"]
[Round "8"]
[White "Cherenkov, Andrey"]
[Black "Zizlova, Sofia"]
[Result "0-1"]
[WhiteElo "2235"]
[BlackElo "2149"]
[PlyCount "46"]
[EventDate "2011.05.10"]
[EventType "tourn"]
[EventRounds "13"]
[EventCountry "RUS"]
[EventCategory "2"]
[SourceTitle "EXT 2012"]
[Source "ChessBase"]
[SourceDate "2011.11.24"]
[SourceVersion "1"]
[SourceVersionDate "2011.11.24"]
[SourceQuality "1"]

1. e4 c5 2. Nf3 d6 3. d4 Nf6 4. Nc3 cxd4 5. Nxd4 g6 6. Be3 Bg7 7. f3 0-0 8. Qd2 Nc6 9. 0-0-0 d5 10. exd5 Nxd5 11. Nxc6 bxc6 12. Bd4 e5 13. Bc5 Be6 14. Ne4 Rb8 15. Bxf8 Qxf8 16. g4 f5 17. gxf5 gxf5 18. Ng5 e4 19. Bb5 Rxb5 20. c4 Rxb2 21. Qa5 Qb8 22. Rxd5 Bxd5 23. cxd5 Rb1+ 0-1

[Event "Moscow Victory Day-C"]
[Site "Moscow"]
[Date "2011.05.16"]
[Round "6"]
[White "Varnavski, Sergei"]
[Black "Zizlova, Sofia"]
[Result "1-0"]
[WhiteElo "2307"]
[BlackElo "2149"]
[PlyCount "89"]
[EventDate "2011.05.10"]
[EventType "tourn"]
[EventRounds "13"]
[EventCountry "RUS"]
[EventCategory "2"]
[SourceTitle "EXT 2012"]
[Source "ChessBase"]
[SourceDate "2011.11.24"]
[SourceVersion "1"]
[SourceVersionDate "2011.11.24"]
[SourceQuality "1"]

1. d4 Nf6 2. c4 c5 3. d5 e6 4. Nc3 exd5 5. cxd5 d6 6. Nf3 g6 7. Bf4 a6 8. e4 b5 9. Bd3 Bg7 10. h3 0-0 11. 0-0 Re8 12. Re1 Bb7 13. Rc1 Qb6 14. a4 b4 15. Na2 Nh5 16. Be3 Nd7 17. Nd2 Ne5 18. Bf1 Qd8 19. Rc2 a5 20. Bb5 Rf8 21. Nc1 Ba6 22. Bxa6 Rxa6 23. f4 Nd7 24. Nd3 f5 25. e5 Qa8 26. Nc4 Qxd5 27. Nxd6 Rc6 28. Nf2 Nb6 29. Rd2 Qe6 30. Qf3 Rc7 31. Nb5 Rc6 32. Na7 Rc7 33. Rd6 Qf7 34. Rxb6 Rxa7 35. Bxc5 Rc8 36. Be3 Qb3 37. g4 fxg4 38. hxg4 Nxf4 39. Qxf4 Qxb2 40. e6 Qb3 41. Rb8 Ra8 42. Qf7+ Kh8 43. Rb7 Rg8 44. Bd4 Qg3+ 45. Kf1 1-0

[Event "Moscow op-F (Women)"]
[Site "Moscow"]
[Date "2011.02.02"]
[Round "5"]
[White "Shaydullina, Sandugach"]
[Black "Zizlova, Sofia"]
[Result "0-1"]
[WhiteElo "2207"]
[BlackElo "2085"]
[PlyCount "202"]
[EventDate "2011.01.29"]
[EventType "swiss"]
[EventRounds "9"]
[EventCountry "RUS"]
[SourceTitle "CBM 140 Extra"]
[Source "ChessBase"]
[SourceDate "2011.03.01"]
[SourceVersion "1"]
[SourceVersionDate "2011.03.01"]
[SourceQuality "1"]

1. d4 Nf6 2. Nf3 c5 3. d5 e6 4. Nc3 exd5 5. Nxd5 Nxd5 6. Qxd5 Nc6 7. Ng5 Qf6 8. c3 h6 9. h4 Be7 10. Be3 d6 11. 0-0-0 Qg6 12. h5 Qf5 13. Qxf5 Bxf5 14. g4 Bxg4 15. Ne4 Rd8 16. f3 Bf5 17. Rg1 Bxe4 18. fxe4 Bf6 19. Bf4 Ne5 20. e3 Ke7 21. Be2 Nc6 22. Rd5 Rhg8 23. Bd1 Be5 24. Bb3 g5 25. hxg6 Bxf4 26. exf4 Rxg6 27. Rgd1 Rf6 28. f5 h5 29. Rh1 Rh8 30. Rh4 Ne5 31. Bd1 Rfh6 32. b3 Nd7 33. Bf3 Rg8 34. f6+ Nxf6 35. Rf5 Ke6 36. b4 cxb4 37. cxb4 b6 38. Bd1 Nxe4 39. Rfxh5 Rxh5 40. Rxh5 Rg1 41. Kc2 Nf6 42. Rh8 Nd5 43. Bh5 Nxb4+ 44. Kb2 Rg5 45. Re8+ Kd7 46. Rh8 f5 47. Rh7+ Ke6 48. Bd1 a5 49. a3 Nd3+ 50. Kc3 Nc5 51. Kc4 Rg1 52. Bf3 Rg3 53. Bd5+ Kf6 54. Rf7+ Kg6 55. Rf8 Rxa3 56. Rd8 Ra4+ 57. Kb5 Rb4+ 58. Kc6 Ne4 59. Rf8 Kg5 60. Be6 f4 61. Rf5+ Kg4 62. Rxa5+ Kg3 63. Ra8 f3 64. Rg8+ Kh2 65. Rh8+ Kg2 66. Rg8+ Kf1 67. Bh3+ Ke1 68. Rg1+ Kd2 69. Kd5 f2 70. Ra1 Nc3+ 71. Kxd6 Rb1 72. Ra6 Ke1 73. Kc6 b5 74. Kc5 f1Q 75. Bxf1 Kxf1 76. Kd4 Ne2+ 77. Kd3 Rb3+ 78. Kd2 Rf3 79. Ra1+ Kf2 80. Rb1 Rf5 81. Rb4 Rd5+ 82. Kc2 Ke3 83. Rh4 Nd4+ 84. Kb2 Kd3 85. Ka3 Kc4 86. Rh8 Rg5 87. Rc8+ Rc5 88. Rb8 Kc3 89. Ka2 b4 90. Rh8 b3+ 91. Kb1 Nf3 92. Rh3 Rf5 93. Rg3 Rf4 94. Rh3 Kb4 95. Kb2 Nd2 96. Rh1 Nc4+ 97. Kb1 Rf1+ 98. Rxf1 Nd2+ 99. Kb2 Nxf1 100. Kb1 Kc3 101. Ka1 b2+ 0-1